Tenochtitlán

Zapisane w:
Opis bibliograficzny
1. autor: León Sánchez, José
Format: Książka
Język:Spanish
Wydane: México, D.F. Editorial Grijalbo 1986
Wydanie:Segunda edición
Hasła przedmiotowe:
Etykiety: Dodaj etykietę
Nie ma etykietki, Dołącz pierwszą etykiete!

MARC

LEADER 00000nam a2200000Ia 4500
008 170316s9999 xx 000 0 spa d
040 |a cru BVZT 
090 |a 868 L-6te 
100 |a León Sánchez, José  |9 2333 
245 2 |a Tenochtitlán  |c / José León Sánchez 
250 |a Segunda edición 
260 |a México, D.F. 
260 |b Editorial Grijalbo 
260 |c 1986 
300 |a 412 páginas 
650 |a LITERATURA COSTARRICENSE  |9 17 
650 |a NOVELA  |9 13 
942 |c 15 D  |h 868 L-6te  |i 1822CO  |2 z  |6 868_L6TE_1822CO 
999 |c 31091  |d 31091